[Event "DVM U10 2023"]
[Site "Magdeburg GER"]
[Date "2023.12.29"]
[Round "6"]
[White "Hendler, Felicitas"]
[Black "Serwane, Ruben"]
[Result "0-1"]
[Termination "normal"]
[Board "1.4"]
[WhiteElo "1408"]
[BlackElo "1636"]
[WhiteClock "00:22:36"]
[BlackClock "00:12:13"]
[WhiteTeam "SF Brackel 1930"]
[BlackTeam "TV Tegernsee"]
[PlyCount "34"]
[WhiteFideId "34616519"]
[BlackFideId "34660232"]
[EventCountry "GER"]
[EventRounds "7"]
[EventType "team-swiss"]
[EventDate "2023.12.27"]

1. e4 {[%clk 00:55:04]} {[%emt 00:00:05]} e5 {[%clk 00:55:04]} {[%emt
00:00:07]} 2. f4 {[%clk 00:55:03]} {[%emt 00:00:05]} Bc5 {[%clk 00:54:57]}
{[%emt 00:00:13]} 3. Nf3 {[%clk 00:54:37]} {[%emt 00:00:31]} d6 {[%clk
00:54:55]} {[%emt 00:00:08]} 4. Nc3 {[%clk 00:54:26]} {[%emt 00:00:15]} Nf6
{[%clk 00:54:40]} {[%emt 00:00:20]} 5. Bc4 {[%clk 00:53:49]} {[%emt 00:00:42]}
Nc6 {[%clk 00:54:25]} {[%emt 00:00:20]} 6. h3 {[%clk 00:52:35]} {[%emt
00:01:18]} O-O {[%clk 00:53:56]} {[%emt 00:00:35]} 7. d3 {[%clk 00:51:02]}
{[%emt 00:01:38]} Re8 {[%clk 00:52:59]} {[%emt 00:01:02]} 8. g4 {[%clk
00:48:41]} {[%emt 00:02:26]} exf4 {[%clk 00:49:09]} {[%emt 00:03:56]} 9. Bxf4
{[%clk 00:45:37]} {[%emt 00:03:07]} d5 {[%clk 00:48:10]} {[%emt 00:01:05]} 10.
g5 {[%clk 00:41:15]} {[%emt 00:04:27]} dxe4 {[%clk 00:28:33]} {[%emt 00:19:42]}
11. gxf6 {[%clk 00:32:42]} {[%emt 00:08:38]} exf3+ {[%clk 00:27:47]} {[%emt
00:00:51]} 12. Kf1 {[%clk 00:31:59]} {[%emt 00:00:48]} Qd4 {[%clk 00:26:34]}
{[%emt 00:01:18]} 13. Qxf3 {[%clk 00:30:35]} {[%emt 00:01:28]} Qxf6 {[%clk
00:22:22]} {[%emt 00:04:18]} 14. Ne4 {[%clk 00:28:40]} {[%emt 00:02:00]} Qxb2
{[%clk 00:19:22]} {[%emt 00:03:05]} 15. Qd1 {[%clk 00:27:01]} {[%emt 00:01:43]}
Rxe4 {[%clk 00:13:25]} {[%emt 00:06:03]} 16. dxe4 {[%clk 00:25:16]} {[%emt
00:01:48]} Qf6 {[%clk 00:12:46]} {[%emt 00:00:45]} 17. Qd2 {[%clk 00:22:36]}
{[%emt 00:02:45]} Qxa1+ {[%clk 00:12:13]} {[%emt 00:00:39]} 0-1

[Event "DVM U10 2023"]
[Site "Magdeburg GER"]
[Date "2023.12.29"]
[Round "6"]
[White "Chakhalov, Mikael"]
[Black "Kukhtichev, Maksim"]
[Result "1-0"]
[Termination "normal"]
[Board "2.1"]
[WhiteElo "1623"]
[BlackElo "1399"]
[WhiteClock "00:25:29"]
[BlackClock "00:18:37"]
[WhiteTeam "SK Zehlendorf"]
[BlackTeam "SK Bad Homburg 1927"]
[PlyCount "79"]
[WhiteFideId "34644458"]
[BlackFideId "34638881"]
[EventCountry "GER"]
[EventRounds "7"]
[EventType "team-swiss"]
[EventDate "2023.12.27"]

1. e4 {[%clk 00:55:09]} {[%emt 15:51:43]} e5 {[%clk 00:55:06]} {[%emt
00:00:05]} 2. Nf3 {[%clk 00:55:10]} {[%emt 00:00:04]} Nf6 {[%clk 00:55:06]}
{[%emt 00:00:05]} 3. Nxe5 {[%clk 00:55:10]} {[%emt 00:00:05]} d6 {[%clk
00:55:06]} {[%emt 00:00:05]} 4. Nf3 {[%clk 00:55:06]} {[%emt 00:00:08]} Nxe4
{[%clk 00:55:05]} {[%emt 00:00:07]} 5. Nc3 {[%clk 00:55:06]} {[%emt 00:00:05]}
Nf6 {[%clk 00:54:58]} {[%emt 00:00:12]} 6. d4 {[%clk 00:55:02]} {[%emt
00:00:09]} Be7 {[%clk 00:54:52]} {[%emt 00:00:12]} 7. Bc4 {[%clk 00:54:46]}
{[%emt 00:00:20]} d5 {[%clk 00:54:38]} {[%emt 00:00:20]} 8. Bd3 {[%clk
00:54:32]} {[%emt 00:00:18]} O-O {[%clk 00:54:25]} {[%emt 00:00:19]} 9. O-O
{[%clk 00:54:32]} {[%emt 00:00:04]} Nc6 {[%clk 00:54:25]} {[%emt 00:00:05]} 10.
h3 {[%clk 00:54:09]} {[%emt 00:00:28]} h6 {[%clk 00:54:17]} {[%emt 00:00:13]}
11. Bf4 {[%clk 00:54:03]} {[%emt 00:00:10]} Bd6 {[%clk 00:53:12]} {[%emt
00:01:10]} 12. Bxd6 {[%clk 00:53:43]} {[%emt 00:00:26]} Qxd6 {[%clk 00:53:09]}
{[%emt 00:00:08]} 13. Re1 {[%clk 00:53:32]} {[%emt 00:00:16]} a6 {[%clk
00:52:38]} {[%emt 00:00:36]} 14. Qd2 {[%clk 00:52:51]} {[%emt 00:00:46]} Bd7
{[%clk 00:51:04]} {[%emt 00:01:40]} 15. Ne2 {[%clk 00:48:40]} {[%emt 00:04:15]}
Rae8 {[%clk 00:48:31]} {[%emt 00:02:38]} 16. c3 {[%clk 00:48:02]} {[%emt
00:00:43]} Re7 {[%clk 00:47:49]} {[%emt 00:00:47]} 17. Ng3 {[%clk 00:47:19]}
{[%emt 00:00:47]} Rxe1+ {[%clk 00:45:41]} {[%emt 00:02:14]} 18. Rxe1 {[%clk
00:47:14]} {[%emt 00:00:10]} Re8 {[%clk 00:44:37]} {[%emt 00:01:10]} 19. Rxe8+
{[%clk 00:46:49]} {[%emt 00:00:30]} Bxe8 {[%clk 00:44:19]} {[%emt 00:00:22]}
20. Nf5 {[%clk 00:46:24]} {[%emt 00:00:30]} Qf8 {[%clk 00:41:23]} {[%emt
00:03:00]} 21. Ne5 {[%clk 00:44:42]} {[%emt 00:01:48]} Nxe5 {[%clk 00:40:24]}
{[%emt 00:01:05]} 22. dxe5 {[%clk 00:44:19]} {[%emt 00:00:27]} Nd7 {[%clk
00:39:38]} {[%emt 00:00:51]} 23. f4 {[%clk 00:43:23]} {[%emt 00:01:01]} Qc5+
{[%clk 00:35:41]} {[%emt 00:03:59]} 24. Qf2 {[%clk 00:41:21]} {[%emt 00:02:09]}
Qxf2+ {[%clk 00:34:41]} {[%emt 00:01:06]} 25. Kxf2 {[%clk 00:41:15]} {[%emt
00:00:11]} c6 {[%clk 00:33:39]} {[%emt 00:01:08]} 26. Nd6 {[%clk 00:40:50]}
{[%emt 00:00:28]} Kf8 {[%clk 00:33:12]} {[%emt 00:00:32]} 27. Nxb7 {[%clk
00:40:47]} {[%emt 00:00:10]} Nb8 {[%clk 00:32:03]} {[%emt 00:01:14]} 28. Nc5
{[%clk 00:39:35]} {[%emt 00:01:15]} a5 {[%clk 00:29:56]} {[%emt 00:02:14]} 29.
a3 {[%clk 00:38:25]} {[%emt 00:01:15]} Nd7 {[%clk 00:29:13]} {[%emt 00:00:47]}
30. Nxd7+ {[%clk 00:35:12]} {[%emt 00:03:18]} Bxd7 {[%clk 00:29:08]} {[%emt
00:00:10]} 31. Ke3 {[%clk 00:34:53]} {[%emt 00:00:24]} c5 {[%clk 00:28:22]}
{[%emt 00:00:51]} 32. Bc2 {[%clk 00:34:14]} {[%emt 00:00:44]} Ke7 {[%clk
00:27:13]} {[%emt 00:01:14]} 33. g4 {[%clk 00:33:30]} {[%emt 00:00:49]} h5
{[%clk 00:24:18]} {[%emt 00:03:00]} 34. Bf5 {[%clk 00:28:59]} {[%emt 00:04:37]}
hxg4 {[%clk 00:20:26]} {[%emt 00:03:56]} 35. Bxd7 {[%clk 00:27:53]} {[%emt
00:01:10]} Kxd7 {[%clk 00:20:24]} {[%emt 00:00:08]} 36. hxg4 {[%clk 00:27:53]}
{[%emt 00:00:05]} Kc6 {[%clk 00:20:01]} {[%emt 00:00:29]} 37. b4 {[%clk
00:27:06]} {[%emt 00:00:52]} Kb5 {[%clk 00:19:50]} {[%emt 00:00:15]} 38. bxa5
{[%clk 00:25:41]} {[%emt 00:01:31]} Kxa5 {[%emt 00:00:50]} 39. f5 {[%clk
00:25:39]} {[%emt 00:00:06]} Kb6 {[%clk 00:18:37]} {[%emt 00:00:33]} 40. a4
{[%clk 00:25:29]} {[%emt 00:00:15]} 1-0

[Event "DVM U10 2023"]
[Site "Magdeburg GER"]
[Date "2023.12.29"]
[Round "6"]
[White "Pflugbeil, Julian"]
[Black "Schmidt, Alexander Nadvid"]
[Result "1/2-1/2"]
[Termination "normal"]
[Board "2.2"]
[WhiteElo "1284"]
[BlackElo "1462"]
[WhiteClock "00:39:20"]
[BlackClock "00:27:41"]
[WhiteTeam "SK Bad Homburg 1927"]
[BlackTeam "SK Zehlendorf"]
[PlyCount "60"]
[WhiteFideId "34608850"]
[BlackFideId "34661360"]
[EventCountry "GER"]
[EventRounds "7"]
[EventType "team-swiss"]
[EventDate "2023.12.27"]

1. e4 {[%clk 00:55:09]} {[%emt 00:00:01]} e6 {[%clk 00:55:01]} {[%emt
00:00:09]} 2. d4 {[%clk 00:55:06]} {[%emt 00:00:08]} d5 {[%clk 00:54:50]}
{[%emt 00:00:17]} 3. exd5 {[%clk 00:55:05]} {[%emt 00:00:06]} exd5 {[%clk
00:54:47]} {[%emt 00:00:07]} 4. Nf3 {[%clk 00:55:06]} {[%emt 00:00:04]} Bg4
{[%clk 00:54:29]} {[%emt 00:00:23]} 5. Bd3 {[%clk 00:54:27]} {[%emt 00:00:44]}
Bd6 {[%clk 00:54:09]} {[%emt 00:00:25]} 6. Nc3 {[%clk 00:53:29]} {[%emt
00:01:04]} c6 {[%clk 00:53:53]} {[%emt 00:00:20]} 7. O-O {[%clk 00:53:23]}
{[%emt 00:00:11]} Nf6 {[%clk 00:53:00]} {[%emt 00:00:58]} 8. Re1+ {[%clk
00:53:19]} {[%emt 00:00:09]} Be7 {[%clk 00:51:52]} {[%emt 00:01:14]} 9. Qe2
{[%clk 00:52:02]} {[%emt 00:01:21]} Bxf3 {[%clk 00:51:19]} {[%emt 00:00:38]}
10. Qxf3 {[%clk 00:51:39]} {[%emt 00:00:29]} O-O {[%clk 00:50:36]} {[%emt
00:00:47]} 11. Bf4 {[%clk 00:50:16]} {[%emt 00:01:28]} h6 {[%clk 00:49:45]}
{[%emt 00:00:55]} 12. Be5 {[%clk 00:50:01]} {[%emt 00:00:21]} Nbd7 {[%clk
00:49:39]} {[%emt 00:00:11]} 13. Qf5 {[%clk 00:48:15]} {[%emt 00:01:51]} g6
{[%clk 00:43:57]} {[%emt 00:05:47]} 14. Qh3 {[%clk 00:46:32]} {[%emt 00:01:47]}
Nxe5 {[%clk 00:41:24]} {[%emt 00:02:40]} 15. dxe5 {[%clk 00:46:29]} {[%emt
00:00:08]} Nh5 {[%clk 00:40:58]} {[%emt 00:00:30]} 16. e6 {[%clk 00:46:11]}
{[%emt 00:00:23]} Nf4 {[%clk 00:40:49]} {[%emt 00:00:14]} 17. exf7+ {[%clk
00:46:02]} {[%emt 00:00:15]} Rxf7 {[%clk 00:40:15]} {[%emt 00:00:38]} 18. Qxh6
{[%clk 00:43:20]} {[%emt 00:02:48]} Bg5 {[%clk 00:39:52]} {[%emt 00:00:27]} 19.
Re8+ {[%clk 00:43:19]} {[%emt 00:00:05]} Qxe8 {[%clk 00:39:13]} {[%emt
00:00:44]} 20. Qxg5 {[%clk 00:43:20]} {[%emt 00:00:05]} Qe6 {[%clk 00:37:08]}
{[%emt 00:02:11]} 21. Bf1 {[%clk 00:42:11]} {[%emt 00:01:13]} Kg7 {[%clk
00:34:28]} {[%emt 00:02:44]} 22. Rd1 {[%clk 00:41:47]} {[%emt 00:00:29]} Rh8
{[%clk 00:33:16]} {[%emt 00:01:17]} 23. Nb1 {[%clk 00:39:31]} {[%emt 00:02:21]}
Ne2+ {[%clk 00:31:32]} {[%emt 00:01:50]} 24. Bxe2 {[%clk 00:39:19]} {[%emt
00:00:17]} Qxe2 {[%clk 00:31:29]} {[%emt 00:00:08]} 25. Rf1 {[%clk 00:39:21]}
{[%emt 00:00:03]} Qxc2 {[%clk 00:28:21]} {[%emt 00:03:14]} 26. Qe5+ {[%clk
00:39:21]} {[%emt 00:00:05]} Rf6 {[%clk 00:27:44]} {[%emt 00:00:41]} 27. Qe7+
{[%clk 00:39:17]} {[%emt 00:00:09]} Rf7 {[%clk 00:27:42]} {[%emt 00:00:06]} 28.
Qe5+ {[%clk 00:39:18]} {[%emt 00:00:04]} Rf6 {[%clk 00:27:41]} {[%emt
00:00:06]} 29. Qe7+ {[%clk 00:39:20]} {[%emt 00:00:04]} Rf7 {[%emt 00:00:29]}
30. Qe5+ Kh7 {[%emt 00:00:01]} 1/2-1/2

[Event "DVM U10 2023"]
[Site "Magdeburg GER"]
[Date "2023.12.29"]
[Round "6"]
[White "Riazi, Dominik"]
[Black "Horras, Jonathan"]
[Result "0-1"]
[Termination "normal"]
[Board "2.4"]
[WhiteElo "1162"]
[BlackElo "1109"]
[WhiteClock "00:01:30"]
[BlackClock "00:26:35"]
[WhiteTeam "SK Bad Homburg 1927"]
[BlackTeam "SK Zehlendorf"]
[PlyCount "96"]
[BlackFideId "34681990"]
[EventCountry "GER"]
[EventRounds "7"]
[EventType "team-swiss"]
[EventDate "2023.12.27"]

1. e4 {[%clk 00:55:09]} e5 {[%clk 00:55:05]} {[%emt 00:00:05]} 2. Nf3 {[%clk
00:55:11]} {[%emt 00:00:04]} Nc6 {[%clk 00:55:01]} {[%emt 00:00:09]} 3. Bc4
{[%clk 00:55:11]} {[%emt 00:00:05]} Bc5 {[%clk 00:54:51]} {[%emt 00:00:14]} 4.
Nc3 {[%clk 00:54:28]} {[%emt 00:00:48]} d6 {[%clk 00:54:45]} {[%emt 00:00:11]}
5. d3 {[%clk 00:54:20]} {[%emt 00:00:13]} Bg4 {[%clk 00:54:17]} {[%emt
00:00:32]} 6. h3 {[%clk 00:53:30]} {[%emt 00:00:56]} Bh5 {[%clk 00:54:02]}
{[%emt 00:00:20]} 7. g4 {[%clk 00:53:03]} {[%emt 00:00:32]} Bg6 {[%clk
00:53:56]} {[%emt 00:00:12]} 8. Be3 {[%clk 00:52:52]} {[%emt 00:00:16]} Nd4
{[%clk 00:52:40]} {[%emt 00:01:20]} 9. Bxd4 {[%clk 00:50:28]} {[%emt 00:02:29]}
Bxd4 {[%clk 00:51:58]} {[%emt 00:00:47]} 10. Nxd4 {[%clk 00:49:10]} {[%emt
00:01:23]} exd4 {[%clk 00:51:52]} {[%emt 00:00:10]} 11. Nd5 {[%clk 00:48:09]}
{[%emt 00:01:07]} Nf6 {[%clk 00:51:03]} {[%emt 00:00:55]} 12. Qf3 {[%clk
00:46:18]} {[%emt 00:01:55]} Nxd5 {[%clk 00:50:46]} {[%emt 00:00:22]} 13. Bxd5
{[%clk 00:45:40]} {[%emt 00:00:43]} c6 {[%clk 00:49:37]} {[%emt 00:01:13]} 14.
Bb3 {[%clk 00:45:36]} {[%emt 00:00:10]} Qa5+ {[%clk 00:49:25]} {[%emt
00:00:17]} 15. Ke2 {[%clk 00:43:41]} {[%emt 00:02:00]} O-O {[%clk 00:48:40]}
{[%emt 00:00:51]} 16. h4 {[%clk 00:43:23]} {[%emt 00:00:23]} h5 {[%emt
00:01:59]} 17. Qg3 {[%clk 00:41:35]} {[%emt 00:00:12]} hxg4 {[%clk 00:48:03]}
{[%emt 00:00:27]} 18. h5 {[%clk 00:40:59]} {[%emt 00:00:41]} Bxh5 {[%clk
00:47:29]} {[%emt 00:00:39]} 19. Qxd6 {[%clk 00:38:46]} {[%emt 00:02:19]} g3+
{[%clk 00:46:15]} {[%emt 00:01:19]} 20. f3 {[%clk 00:37:27]} {[%emt 00:01:24]}
Qg5 {[%clk 00:43:09]} {[%emt 00:03:10]} 21. Qxd4 {[%clk 00:36:19]} {[%emt
00:01:13]} g2 {[%clk 00:42:31]} {[%emt 00:00:43]} 22. Rhg1 {[%clk 00:33:56]}
{[%emt 00:02:29]} Qf4 {[%clk 00:41:58]} {[%emt 00:00:38]} 23. Qf2 {[%clk
00:33:35]} {[%emt 00:00:26]} Qe5 {[%clk 00:41:44]} {[%emt 00:00:19]} 24. c3
{[%clk 00:30:38]} {[%emt 00:03:02]} Rad8 {[%clk 00:40:43]} {[%emt 00:01:06]}
25. Qxg2 {[%clk 00:28:00]} {[%emt 00:02:43]} g6 {[%clk 00:40:32]} {[%emt
00:00:16]} 26. Rh1 {[%clk 00:26:51]} {[%emt 00:01:13]} Kg7 {[%clk 00:40:13]}
{[%emt 00:00:25]} 27. Bc2 {[%clk 00:20:33]} {[%emt 00:06:24]} Qb5 {[%clk
00:38:38]} {[%emt 00:01:36]} 28. b3 {[%clk 00:17:48]} {[%emt 00:02:53]} Qe5
{[%clk 00:36:49]} {[%emt 00:01:53]} 29. d4 {[%clk 00:16:12]} {[%emt 00:01:42]}
Qa5 {[%clk 00:34:58]} {[%emt 00:01:55]} 30. b4 {[%clk 00:13:56]} {[%emt
00:02:23]} Qa3 {[%clk 00:33:19]} {[%emt 00:01:43]} 31. Kd2 {[%clk 00:12:33]}
{[%emt 00:01:28]} a5 {[%clk 00:32:08]} {[%emt 00:01:16]} 32. bxa5 {[%clk
00:09:51]} {[%emt 00:02:48]} Qxa5 {[%clk 00:32:04]} {[%emt 00:00:08]} 33. Rab1
{[%clk 00:08:02]} {[%emt 00:01:54]} Rxd4+ {[%clk 00:31:39]} {[%emt 00:00:30]}
34. Kc1 {[%clk 00:05:47]} {[%emt 00:02:21]} Qxc3 {[%clk 00:30:38]} {[%emt
00:01:04]} 35. Rxb7 {[%clk 00:04:19]} {[%emt 00:01:34]} Bxf3 {[%clk 00:30:02]}
{[%emt 00:00:41]} 36. Qh2 {[%clk 00:02:11]} {[%emt 00:02:11]} Bxh1 {[%clk
00:29:14]} {[%emt 00:00:55]} 37. Qe5+ {[%clk 00:02:06]} {[%emt 00:00:11]} Kg8
{[%clk 00:28:30]} {[%emt 00:00:48]} 38. Rb3 {[%clk 00:01:25]} {[%emt 00:00:46]}
Rd1+ {[%clk 00:28:20]} {[%emt 00:00:14]} 39. Kxd1 {[%clk 00:01:19]} {[%emt
00:00:12]} Qxe5 {[%clk 00:28:18]} {[%emt 00:00:06]} 40. Rb5 {[%clk 00:01:12]}
{[%emt 00:00:14]} Bf3+ {[%clk 00:27:46]} {[%emt 00:00:35]} 41. Kc1 {[%clk
00:01:15]} {[%emt 00:00:03]} Qa1+ {[%clk 00:27:37]} {[%emt 00:00:13]} 42. Kd2
{[%clk 00:01:17]} {[%emt 00:00:03]} cxb5 {[%clk 00:27:24]} {[%emt 00:00:18]}
43. Ba4 {[%clk 00:01:22]} Rd8+ {[%clk 00:27:18]} {[%emt 00:00:12]} 44. Kc2
{[%clk 00:01:25]} {[%emt 00:00:02]} Bxe4+ {[%clk 00:27:12]} {[%emt 00:00:10]}
45. Kb3 {[%clk 00:01:29]} {[%emt 00:00:02]} bxa4+ {[%clk 00:27:00]} {[%emt
00:00:16]} 46. Kxa4 {[%clk 00:01:33]} {[%emt 00:00:02]} Rb8 {[%clk 00:26:47]}
{[%emt 00:00:17]} 47. Ka3 {[%clk 00:01:33]} {[%emt 00:00:02]} Bb1 {[%clk
00:26:40]} {[%emt 00:00:15]} 48. Ka4 {[%clk 00:01:30]} {[%emt 00:00:09]} Qxa2#
{[%clk 00:26:35]} {[%emt 00:00:10]} 0-1

[Event "DVM U10 2023"]
[Site "Magdeburg GER"]
[Date "2023.12.29"]
[Round "6"]
[White "Fabritius, Wolf"]
[Black "Sun, Christopher"]
[Result "0-1"]
[Termination "normal"]
[Board "3.1"]
[WhiteElo "1043"]
[BlackElo "1417"]
[WhiteClock "00:30:10"]
[BlackClock "00:31:08"]
[WhiteTeam "SF Heidelberg"]
[BlackTeam "Karlsruher SF 1853"]
[PlyCount "42"]
[WhiteFideId "34632603"]
[BlackFideId "34630368"]
[EventCountry "GER"]
[EventRounds "7"]
[EventType "team-swiss"]
[EventDate "2023.12.27"]

1. e4 {[%clk 00:55:08]} {[%emt 00:00:02]} e6 {[%clk 00:55:06]} {[%emt
00:00:05]} 2. d4 {[%clk 00:55:06]} {[%emt 00:00:07]} d5 {[%clk 00:55:08]}
{[%emt 00:00:04]} 3. exd5 {[%clk 00:54:58]} {[%emt 00:00:11]} exd5 {[%clk
00:55:07]} {[%emt 00:00:06]} 4. Nf3 {[%clk 00:54:52]} {[%emt 00:00:12]} Nf6
{[%clk 00:54:53]} {[%emt 00:00:19]} 5. Be2 {[%clk 00:54:38]} {[%emt 00:00:19]}
Bd6 {[%clk 00:54:37]} {[%emt 00:00:21]} 6. O-O {[%clk 00:54:28]} {[%emt
00:00:15]} O-O {[%clk 00:54:14]} {[%emt 00:00:28]} 7. Nc3 {[%clk 00:53:59]}
{[%emt 00:00:33]} h6 {[%clk 00:52:25]} {[%emt 00:01:54]} 8. Be3 {[%clk
00:53:02]} {[%emt 00:01:02]} c6 {[%clk 00:51:55]} {[%emt 00:00:35]} 9. h3
{[%clk 00:52:02]} {[%emt 00:01:05]} Bf5 {[%clk 00:51:18]} {[%emt 00:00:42]} 10.
Re1 {[%clk 00:50:02]} {[%emt 00:02:06]} Qc7 {[%clk 00:49:48]} {[%emt 00:01:35]}
11. Bd3 {[%clk 00:49:13]} {[%emt 00:00:54]} Bxd3 {[%clk 00:48:53]} {[%emt
00:00:59]} 12. Qxd3 {[%clk 00:48:05]} {[%emt 00:01:12]} Nbd7 {[%clk 00:48:29]}
{[%emt 00:00:30]} 13. Rac1 {[%clk 00:46:02]} {[%emt 00:02:09]} Rfe8 {[%clk
00:47:11]} {[%emt 00:01:23]} 14. Ne2 {[%clk 00:43:18]} {[%emt 00:02:49]} Nb6
{[%clk 00:44:58]} {[%emt 00:02:17]} 15. b3 {[%clk 00:42:29]} {[%emt 00:00:54]}
Nbd7 {[%clk 00:39:36]} {[%emt 00:05:27]} 16. Qd2 {[%clk 00:40:30]} {[%emt
00:02:05]} Ne4 {[%clk 00:38:45]} {[%emt 00:00:56]} 17. Qd3 {[%clk 00:39:42]}
{[%emt 00:00:53]} Ndf6 {[%clk 00:37:35]} {[%emt 00:01:15]} 18. c4 {[%clk
00:37:36]} {[%emt 00:02:11]} dxc4 {[%clk 00:35:02]} {[%emt 00:02:37]} 19. Qxc4
{[%clk 00:35:09]} {[%emt 00:02:33]} Nd5 {[%clk 00:32:57]} {[%emt 00:02:09]} 20.
Nd2 {[%clk 00:30:45]} {[%emt 00:04:29]} Nxe3 {[%clk 00:31:27]} {[%emt
00:01:36]} 21. fxe3 {[%clk 00:30:10]} {[%emt 00:00:38]} Bh2+ {[%clk 00:31:08]}
{[%emt 00:00:24]} 0-1

[Event "DVM U10 2023"]
[Site "Magdeburg GER"]
[Date "2023.12.29"]
[Round "6"]
[White "Liu, Kairui"]
[Black "Graf, Tom"]
[Result "1-0"]
[Termination "normal"]
[Board "3.2"]
[WhiteElo "1192"]
[BlackElo "1095"]
[WhiteClock "00:14:18"]
[BlackClock "00:30:02"]
[WhiteTeam "Karlsruher SF 1853"]
[BlackTeam "SF Heidelberg"]
[PlyCount "71"]
[WhiteFideId "34660534"]
[BlackFideId "34622420"]
[EventCountry "GER"]
[EventRounds "7"]
[EventType "team-swiss"]
[EventDate "2023.12.27"]

1. e4 {[%clk 00:55:07]} {[%emt 00:00:02]} e5 {[%clk 00:55:04]} {[%emt
00:00:08]} 2. Nf3 {[%clk 00:55:03]} {[%emt 00:00:07]} Nc6 {[%clk 00:55:00]}
{[%emt 00:00:09]} 3. Bc4 {[%clk 00:55:03]} {[%emt 00:00:05]} Bc5 {[%clk
00:54:58]} {[%emt 00:00:07]} 4. c3 {[%clk 00:54:57]} {[%emt 00:00:12]} Nf6
{[%clk 00:54:46]} {[%emt 00:00:17]} 5. d4 {[%clk 00:54:55]} {[%emt 00:00:06]}
exd4 {[%clk 00:54:43]} {[%emt 00:00:09]} 6. cxd4 {[%clk 00:54:52]} {[%emt
00:00:08]} Bb4+ {[%clk 00:54:35]} {[%emt 00:00:13]} 7. Bd2 {[%clk 00:54:51]}
{[%emt 00:00:06]} Bxd2+ {[%clk 00:54:25]} {[%emt 00:00:15]} 8. Nbxd2 {[%clk
00:54:44]} {[%emt 00:00:12]} d5 {[%clk 00:53:45]} {[%emt 00:00:45]} 9. exd5
{[%clk 00:54:13]} {[%emt 00:00:36]} Nxd5 {[%clk 00:53:40]} {[%emt 00:00:11]}
10. O-O {[%clk 00:54:10]} {[%emt 00:00:07]} Nb6 {[%clk 00:53:05]} {[%emt
00:00:41]} 11. Re1+ {[%clk 00:53:24]} {[%emt 00:00:50]} Ne7 {[%clk 00:52:45]}
{[%emt 00:00:25]} 12. Qb3 {[%clk 00:52:58]} {[%emt 00:00:31]} Nxc4 {[%clk
00:52:14]} {[%emt 00:00:36]} 13. Qxc4 {[%clk 00:52:45]} {[%emt 00:00:18]} O-O
{[%clk 00:51:54]} {[%emt 00:00:25]} 14. Rac1 {[%clk 00:52:06]} {[%emt
00:00:44]} c6 {[%clk 00:51:45]} {[%emt 00:00:15]} 15. h3 {[%clk 00:48:28]}
{[%emt 00:03:42]} Be6 {[%clk 00:50:58]} {[%emt 00:00:52]} 16. Qa4 {[%clk
00:47:07]} {[%emt 00:01:25]} Re8 {[%clk 00:47:30]} {[%emt 00:03:34]} 17. Ng5
{[%clk 00:45:39]} {[%emt 00:01:33]} Nd5 {[%clk 00:46:33]} {[%emt 00:01:02]} 18.
Ngf3 {[%clk 00:41:34]} {[%emt 00:04:10]} Nf4 {[%clk 00:45:43]} {[%emt
00:00:56]} 19. Qa3 {[%clk 00:35:19]} {[%emt 00:06:20]} Bd5 {[%clk 00:42:54]}
{[%emt 00:02:53]} 20. Rxe8+ {[%clk 00:33:32]} {[%emt 00:01:52]} Qxe8 {[%clk
00:42:31]} {[%emt 00:00:28]} 21. Re1 {[%clk 00:32:47]} {[%emt 00:00:51]} Ne6
{[%clk 00:41:57]} {[%emt 00:00:38]} 22. b3 {[%clk 00:29:17]} {[%emt 00:03:36]}
Bxf3 {[%clk 00:41:37]} {[%emt 00:00:25]} 23. Nxf3 {[%clk 00:28:49]} {[%emt
00:00:33]} h6 {[%clk 00:41:15]} {[%emt 00:00:27]} 24. Qb4 {[%clk 00:26:34]}
{[%emt 00:02:20]} Qd7 {[%clk 00:40:49]} {[%emt 00:00:30]} 25. Rd1 {[%clk
00:24:56]} {[%emt 00:01:43]} c5 {[%clk 00:40:06]} {[%emt 00:00:48]} 26. Qd2
{[%clk 00:23:56]} {[%emt 00:01:02]} Rd8 {[%clk 00:39:14]} {[%emt 00:01:00]} 27.
d5 {[%clk 00:22:54]} {[%emt 00:01:07]} Nc7 {[%clk 00:38:48]} {[%emt 00:00:31]}
28. Qc3 {[%clk 00:20:46]} {[%emt 00:02:13]} b6 {[%clk 00:38:19]} {[%emt
00:00:34]} 29. Ne5 {[%clk 00:19:19]} {[%emt 00:01:31]} Qf5 {[%clk 00:36:58]}
{[%emt 00:01:26]} 30. Nc6 {[%clk 00:17:50]} {[%emt 00:01:35]} Re8 {[%clk
00:34:27]} {[%emt 00:02:36]} 31. d6 {[%clk 00:17:14]} {[%emt 00:00:41]} Qd7
{[%clk 00:33:26]} {[%emt 00:01:05]} 32. Ne5 {[%clk 00:16:26]} {[%emt 00:00:54]}
Qd8 {[%clk 00:32:30]} {[%emt 00:01:01]} 33. d7 {[%clk 00:15:55]} {[%emt
00:00:36]} Rxe5 {[%clk 00:31:49]} {[%emt 00:00:46]} 34. Qxe5 {[%clk 00:15:46]}
{[%emt 00:00:14]} Ne6 {[%clk 00:31:00]} {[%emt 00:00:54]} 35. f4 {[%clk
00:14:49]} {[%emt 00:01:03]} g6 {[%clk 00:30:02]} {[%emt 00:01:02]} 36. Qd6
{[%clk 00:14:18]} {[%emt 00:00:36]} 1-0